| 000 | 00702nam a2200229 u 4500 | ||
|---|---|---|---|
| 005 | 20230330063610.0 | ||
| 008 | 120328s2010 mx r 000 0 spa d | ||
| 020 | _a9786071704597 | ||
| 035 | _aUPN01000183968 | ||
| 049 | _aCG | ||
| 050 | 4 |
_aLB1084 _bS2.2 |
|
| 100 | 1 | _aSánchez Igual, Elvira | |
| 245 | 1 | 0 |
_aAprender a convivir juntos-- y en paz : _ben educación primaria / _cElvira Sánchez Igual, Juan Sánchez Muliterno. |
| 260 |
_aMéxico : _bTrillas, _c2010. |
||
| 300 | _a148 p. | ||
| 650 | 4 |
_aCONDUCTA ESTUDIANTIL _99301 |
|
| 650 | 4 |
_aDisciplina escolar _91521 |
|
| 650 | 4 |
_aValores sociales _94177 |
|
| 700 | 1 |
_aSánchez Muliterno, Juan, _ecoaut. |
|
| 905 | _aLibro | ||
| 999 |
_c156071 _d156071 |
||